| 000 | 00529nam a22001817a 4500 | ||
|---|---|---|---|
| 003 | OSt | ||
| 005 | 20140310182756.0 | ||
| 008 | 130205t xxu||||| |||| 00| 0 eng d | ||
| 020 | _a997151284x | ||
| 050 |
_aQA 76.73 _b.Si538 2000 |
||
| 245 |
_aApplied operating system concepts / _cAbraham Silberschatz, Peter Galvin, Greg Gagne. |
||
| 260 |
_aNew York : _bWiley, _c2000. |
||
| 300 |
_a840 p. : _bill. ; _c25 cm. |
||
| 521 | _aIT | ||
| 650 | _a1. Operating systems ( computers ) | ||
| 942 |
_2lcc _cBK _kFOR |
||
| 999 |
_c15854 _d15854 |
||